Mount Everest - Labrinth - All Lyrics - Statistics

General Stats
  • This quiz has been taken 49 times
  • The average score is 152 of 202
Answer Stats
Answer % Correct
a
100%
I
100%
me
100%
me)
100%
on
100%
ah
97%
Everest
97%
got
97%
Huh
97%
I'm
97%
Mount
97%
of
97%
the
97%
to
97%
(To
97%
Woop
97%
Woop,
97%
woop,
97%
woop
97%
yeah
97%
ain't
95%
shit
95%
top
95%
world
95%
world,
95%
'Cause
92%
You
79%
you
79%
do
77%
sky
77%
but
72%
down
72%
it
72%
touch
72%
Burj
69%
an
67%
don't
67%
burn
64%
my
64%
no
64%
(Tell
62%
and
59%
much
59%
again
56%
could
56%
'em)
56%
house
56%
need
56%
So
56%
so
56%
(So
56%
for
54%
up
54%
just
51%
nobody
51%
what
51%
build
49%
fun
49%
Dubai
46%
money
46%
with
46%
know
44%
love
44%
twice
44%
alibi
38%
like
38%
save
38%
time
38%
lie
36%
that
36%
whole
36%
phone,
33%
thing
33%
one
31%
pick
31%
feel
28%
gun
28%
worth
23%
high,
10%
high
10%
high)
10%
No matching quizzes found
Score Distribution
Percent of People with Each Score
Percentile by Number Answered
Your Score History
You have not taken this quiz